000 02183nam1a2200325 i 4500
001 RU\NLR\bibl\1920172
005 20260408044336.0
010 _a9785794416701
035 _a(NLR Aleph) 001909638
090 _a3158569
_c3158569
100 _a20120702d2011 u y0rusy50 ca
101 0 _arus
102 _aRU
105 _a||||z |||||
200 1 _aАктуальные проблемы современных социально-гуманитарных наук
_eматериалы первой международной очно-заочной научно-практической конференции студентов, аспирантов, молодых ученых, педагогов и преподавателей, (1-4 июня 2011г.)
_e[в 2 ч.
_fнауч.-ред.: к.филос.н. К.В. Патырбаева]
210 _aПермь
_cКудымкар
_d2011
215 _d20
300 _aВ надзаг.: М-во образования и науки РФ, ГОУВПО Перм. гос. ун-т, Некоммер. гуманит. фонд "Наследие наших деревень", М-во культуры, молодеж. политики и массовых коммуникаций Перм. края [и др.]
463 0 _10011804956
463 0 _10011804159
606 _aОбщественные науки
_jСъезды, совещания и т.п.
_91112139
_3RU\NLR\auth\66119728
686 _aС.я431
702 1 _aПатырбаева
_bК. В.
_gКсения Вадимовна
_4340
711 1 2 _a"Актуальные проблемы современных социально-гуманитарных наук", международная очно-заочная научно-практическая конференция студентов, аспирантов, молодых ученых, педагогов и преподавателей
_d1
_f2011
_eПермь
_3RU\NLR\AUTH\8810192674
_9275399
801 0 _aRU
_bNLR
_c20120702
_gRCR
801 1 _aRU
_bNLR
_c20120702
852 _aNLR
_j2011-3/26638
942 _cBOOK